000 01516nam a2200289 a 4500
001 BRCA_2400
005 20190320203806.0
008 111108s1697----be-a---###---#000-0#spa-u
041 _aspa
044 _abe
084 _a041
_b.V474
_c1697
100 1 _aCervantes Saavedra, Miguel de
_d1547-1616
_9213
245 1 0 _aVida y hechos del Ingenioso Cavallero Don Quixote de la Mancha
_ccompuesto por Miguel de Cervantes Saavedra.
260 _aAmberes (Bélgica)
_bHenrico y Cornelio Verdussen
_c1697
300 _a2 v.
_bil.
_c18 cm.
500 _aContenido : v 1. Primera parte. Prólogo del autor. Versos preliminares. Aprovación. Suma del privilegio. -- v 2. Segunda parte. Prólogo del autor. Documentos preliminares de la edición príncipe
500 _aEdición : Nueva edición corregida y ilustrada con 32 diferentes estampas muy donosas y apropiadas a la materia
500 _aEsta edición sigue, línea por línea a la publicada en 1673 por Geronymo y Juanbautista Verdussen. Las láminas son copias de la citada edición. Semipiel; lomo decorado con florones dorados. La paginación salta de 572 a 577, en el volumen II Lúdovik Osterc
500 _aQM27
650 1 4 _aNovela española
_yÉpoca clásica, 1500-1700
_9215
650 1 4 _aLiteratura española
_yÉpoca clásica, 1500-1700
_9216
650 1 4 _aNovela española
_ySiglo XVII
_9217
650 1 4 _aDon Quijote (Personaje ficticio)
_eNovela
_9218
740 0 _aEl Ingenioso Hidalgo Don Quijote de la Mancha
902 _aQFM
942 _2lcc
_cB
999 _c2141
_d2141